000 00882cam a2200337 a 4500
001 206433
003 LC
005 20160223141525.0
008 840228r1982 nyu 000 1 eng
010 _a 81011041
020 _a0380723417
035 _a(OCoLC)7574331
035 _a(OCoLC)ocm07574331
035 _a(CStRLIN)NYCG84-B11597
035 _a(NNC)206433
040 _cas
050 0 _aPR 6052.O9192
_b.B58 1993
082 0 _aFIC B69b 1993
100 1 _aBoyd, William,
_d1952-
_918686
245 1 2 _aThe blue afternoon
_cWilliam Boyd.
260 _aNew York :
_bAvon Books,
_cc1993.
300 _a321 p. ;
_c18 cm.
562 _e1
650 _a Fiction
_9746
650 _aPhysicians -- Fiction.
650 _aFathers and daughters -- Fiction.
650 _aManila (Philippines) -- Fiction.
942 _2lcc
_cBK
999 _c11540
_d11540